Loading...

Studies in Prose-writers Vol.VI Charles Lamb /

Bibliographic Details
Main Author: Lamb, Charles .
Format: Printed Book
Language:English
Published: : Chand & Co , 1963.
LEADER 00502cam a2200157ua 4500
041 |a eng 
082 |a 828.09  |b LAM/ST 
100 |a Lamb, Charles . 
245 |a Studies in Prose-writers Vol.VI Charles Lamb /   |c Charles Lamb.  |h Textual Documents 
260 |a  :   |b Chand & Co ,   |c 1963. 
300 |a 74 ; . 
504
541 |e 10055  
942 |c BK 
999 |c 31637  |d 31637 
952 |0 0  |1 0  |4 0  |6 828_090000000000000  |7 0  |9 41807  |a KAUAET  |b KAUAET  |d 2012-04-07  |m 0  |o 828.09  |p KAU_KCAET-10055  |r 2012-04-07  |w 2012-04-07  |y BK